000 00466nam a2200181Ia 4500
008 131103s9999 xx 000 0 und d
020 _a586045805
040 _aLoreto College
041 _aEnglish
082 _aF/DEI
_bLCBED/10205
100 _aDeighton, Len
245 _aFuneral in Berlin
_cLen Deighton
260 _aHarmondsworth
_bPenguin Books
_c1964
300 _a256 p.
_c 18 cm.
650 _aEnglish Fiction
850 _aLCBED/F/DEI
942 _cBK
999 _c32636
_d83115